[Event "Julian Borowski-A 4th"]
[Site "Essen"]
[Date "2002.05.19"]
[Round "4"]
[White "Kasimdzhanov, Rustam"]
[Black "Krasenkow, Michal"]
[Result "0-1"]
[WhiteElo "2674"]
[BlackElo "2641"]
[Annotator "Barlov/Schluricke"]
[PlyCount "94"]
[EventDate "2002.05.16"]
[EventType "tourn"]
[EventRounds "9"]
[EventCountry "GER"]
[EventCategory "16"]
[SourceTitle "EXT 2005"]
[Source "ChessBase"]
[SourceDate "2004.11.15"]
[SourceVersion "1"]
[SourceVersionDate "2004.11.15"]
[SourceQuality "1"]

1. d4 Nf6 2. c4 g6 3. g3 Bg7 4. Bg2 d5 {Das Grünfeldindische Fianchettosystem.}
({Mit} 4... O-O {wählt Schwarz die Königsindische Verteidigung.} 5. Nf3 (5. Nc3
d6 6. Nf3) 5... d6 6. O-O (6. Nc3)) ({Nach} 4... c5 {geht die Partie in
Stellungen des Modernen Benonis über.} 5. Nf3 (5. d5 d6 (5... O-O) 6. Nc3 O-O
7. Nf3) (5. dxc5 Qa5+) 5... O-O 6. O-O d6 7. Nc3 Nc6 {-> ECO E66}) 5. cxd5 Nxd5
6. e4 {[%mdl 32768] Weiss strebt sofort nach Raumvorteil im Zentrum.} (6. Nf3 {
ist die Alternative.} O-O 7. O-O Nb6 8. Nc3 Nc6 9. e3 e5 (9... Re8 10. d5 Na5
11. Nd4 Bd7 12. e4 c6 13. b3 cxd5 14. exd5 e6 15. dxe6 Bxe6 16. Be3 Bd5 17. Rc1
Bxg2 18. Kxg2 Nd5 19. Nxd5 Qxd5+ 20. Nf3 Qb5 $1 {Hansen,Cu-Khalifman,A/ Wijk
aan Zee 1991}) 10. d5 Na5 (10... Ne7 11. e4 Bg4 12. h3 Bxf3 13. Qxf3 c6 14. Rd1
cxd5 15. Nxd5 (15. exd5 Nf5 16. d6 $1 Rb8 17. Qd3 {Van Wely,L-Leko,P/ Wijk aan
Zee 2001}) 15... Nbxd5 16. exd5 Qd6 17. Bd2 (17. Be3 Nf5 18. Rac1 Rfc8 19.
Rxc8+ Rxc8 20. Bxa7 {1/2-1/2 Van der Sterren,P-Schmidt,W/ Dortmund 1989 (20)})
17... Nf5 18. Qb3 Rfc8 19. Rac1 Qd7 20. d6 Rxc1 21. Bxc1 Nd4 22. Qxb7 Qxb7 23.
Bxb7 Rd8 $14 {Cvitan,O-Navara,D/ Pula 2003/ 1/2-1/2 (36)}) 11. e4 c6 12. Bg5 f6
13. Be3 cxd5 14. Bxb6 Qxb6 15. Nxd5 Qd8 16. Rc1 Nc6 17. Qb3 (17. b4 Bg4 18. Qb3
Rf7 (18... Bxf3 19. Ne7+ Kh8 20. Nxc6 bxc6 21. Bxf3 Qb6 22. Qc3 a5 23. bxa5
Qxa5 24. Qxa5 Rxa5 25. Rxc6 Rxa2 {1/2-1/2 Teske,H-Tolnai,T/ Voronez 1987 (25)})
19. b5 Na5 20. Qa4 b6 21. h3 Be6 22. Nc7 {1/2-1/2 Cvitan,O-Gurieli,N/ Pula op
1997 (22)}) 17... Rf7 18. Rfd1 Be6 19. h4 $11 (19. Qe3 Rd7 20. Bf1 Kh8 21. Bc4
f5 22. Bb3 fxe4 23. Qxe4 Bf5 {1/2-1/2 Damljanovic,B-Stohl,I/ Brno 1991 (23)})
19... Bh6 20. Rc3 Kh8 21. Qa4 (21. Kh2 Qe8 22. Bh3 Bxh3 23. Kxh3 Qe6+ 24. Kg2
$11 {Hansen,Cu-Kortschnoj,V/ Biel 1992/ 1/2-1/2 (66)}) 21... Qf8 22. Kh2 $11 {
Baburin,A-Nakamura,H/ San Francisco 2002/ 1/2-1/2 (107)}) 6... Nb4 $5 {[%mdl 4]
Eine interessante Spielmethode gegen die weisse Bauernkette, ähnlich wie in
der Aljechin-Verteidigung provoziert Schwarz das Vorgehen des d-Bauern.} (6...
Nb6 {ist hier der Standardzug. Nach der Hauptfortsetzung} 7. Ne2 {hat Schwarz
die Option zwischen} c5 ({und} 7... e5)) 7. d5 (7. a3 N4c6 8. d5 Nd4 9. Ne2 c5
10. O-O ({Nach} 10. Nbc3 O-O 11. O-O e5 12. Be3 Na6 13. Nc1 f5 14. f4 fxe4 15.
Bxe4 Bf5 $15 {stand Schwarz besser in der Partie Donner,J-Keres,P/ Beverwijk
1964/ 0-1 (31)}) 10... O-O 11. Nxd4 cxd4 12. Nd2 e5 (12... Na6 13. b4 Nc7 14.
Bb2 Nb5 15. Nb3 Qb6 16. Rc1 e6 17. Re1 e5 $11 {Shirov,A-Gavrikov,V/ Klaipeda
1988/ 1/2-1/2 (31)}) 13. a4 Na6 14. Nc4 f5 15. f3 Bd7 16. f4 fxe4 17. Nxe5 Nc5
18. b4 Nd3 (18... Bxa4 {Comp Fritz8} 19. Qe1 Bb5 20. bxc5 Bxf1 21. Bxf1 Bxe5
22. fxe5 Qxd5 23. Bg2 $13) 19. Nxd3 exd3 20. Ra3 Qb6 21. Qxd3 $11 {Petrosian,
A-Mirumian,V/ Yerevan 1995/ 1-0 (45)}) ({Aufmerksamkeit verdient die Idee von
GM Romanishin mit dem Bauernopfer} 7. Nf3 $5 Bxd4 8. O-O (8. Nxd4 $6 Qxd4 9.
Qxd4 Nc2+ $17) {Nach} 8... Bg7 (8... N8c6 $1 9. Nxd4 Qxd4 (9... Nxd4 {Ftacnik}
10. Qa4+ Nbc6 11. Bh6 $44) 10. Nc3 Be6 $1 11. Nd5 (11. Be3 $5 {Ftacnik} Qc4 $5
(11... Qxd1 12. Raxd1 Nxa2 13. Nd5 $5 $13)) 11... Qxd1 12. Rxd1 O-O-O 13. Bf4 (
13. a3 {Ftacnik} Nc2 14. Rb1 Rd7 15. b4 Rhd8 $44) 13... Rd7 $1 {Romanishin,
O-Mikhalchishin,A/ Dortmund 1991}) 9. Qa4+ N4c6 10. Rd1 Bd7 11. Nc3 O-O 12. Qa3
$44 {hat Weiss Kompensation mit reichhaltigem Figurenspiel in Romanishin,
O-Zaichik,G/ Lvov 1987}) 7... c6 {Das führt zu scharfem Spiel.} (7... O-O 8.
Ne2 (8. a3 N4a6 9. Nc3 e6 10. Nge2 exd5 11. exd5 c6 12. O-O cxd5 13. Qxd5 Nc6
14. Qxd8 (14. Bg5 Qxd5 15. Bxd5 $11) 14... Rxd8 15. Bg5 Re8 $11 {Bareev,
E-Rozentalis,E/ Lvov 1987/ 1/2-1/2 (57)}) 8... c6 9. a3 N4a6 10. Nbc3 $11 {
-> siehe Variante zu 8...N4a6.}) 8. a3 Qa5 $1 ({Beachtung verdient} 8... N4a6
9. Nc3 O-O 10. Nge2 cxd5 11. exd5 Nd7 12. O-O Ne5 13. h3 Nc4 14. b3 Nd6 15. Be3
Bd7 {mit annähernd gleichem Spiel. (Suetin)} (15... Nf5 $5 {Dautov} 16. Bf4 Bd7
17. b4 Rc8 18. Rc1 Nc7 $11) 16. Bd4 Bxd4 17. Qxd4 Qb6 $5 (17... Nf5 18. Qd2 Qb6
$11) 18. Qxb6 axb6 19. Nd4 Rfc8 20. Rfc1 Nc5 21. Nce2 Bb5 22. Bf1 Bxe2 23. Bxe2
Nce4 $11 {-> siehe kommentierte Partie Dautov,R-Hracek,Z/ BL 00/01 GER-chT 2001
}) 9. Nc3 cxd5 10. Be3 d4 ({Interessant ist} 10... Nc2+ $5 11. Qxc2 d4 12. Bxd4
(12. b4 Qc7 13. Bxd4 $5 Bxd4 14. Nge2 {Bareev,E-Krasenkow,M/ RUS-ch Elista 1995
}) 12... Bxd4 13. Nge2 Nc6 $13 {mit unklarer Stellung.}) (10... N4c6 {ist auch
möglich:} 11. exd5 Ne5 (11... Bxc3+ $2 {führt nach} 12. bxc3 Ne5 (12... Qxc3+
$4 13. Bd2 $18 {[%csl Rc6]}) 13. Bd4 $16 {zu deutlichem weissen Vorteil.}) 12.
Bd4 Bf5 13. Bxe5 Bxe5 14. Nge2 O-O 15. O-O Qb6 16. Na4 Qd6 17. Re1 Bg4 (17...
Na6 18. Nd4 Bd7 19. Nc3 Bg7 $11 {Ivanchuk,V-Van Wely,L/ Monte Carlo rapid 2001/
1-0 (43)}) 18. h3 Bxe2 19. Qxe2 Nd7 20. Qb5 Rab8 $11 {Kempinski,R-Van Wely,L/
EU-ch Istanbul 2003/ 1/2-1/2 (60)}) 11. axb4 (11. Bxd4 $2 Bxd4 12. axb4 (12.
Qxd4 $4 Nc2+ $19) 12... Qxb4 $17) 11... Qd8 (11... Qc7 $4 12. Nd5 (12. Bxd4 O-O
13. Nd5 $18) 12... Qd8 13. Bxd4 $18) 12. Bd2 ({Nach} 12. Bxd4 Bxd4 (12... Qxd4
13. Qxd4 Bxd4 14. Nd5 Na6 15. b5 e6 16. bxa6 exd5 17. Ne2 Bb6 18. axb7 Bxb7 19.
exd5 O-O-O 20. Nc3 Rhe8+ 21. Kf1 Kb8 22. Bf3 Bd4 23. Nb5 Bb6 24. Nc3 Bd4 25.
Nb5 {1/2-1/2 Hort,V-Fernandez Garcia,J/ EU-chT Debrecen 1992 (25)}) 13. Nge2
Bb6 14. Nd5 O-O 15. O-O Be6 {steht Schwarz etwas besser wegen der geschwächten
weissen Bauernstruktur am Damenflügel (b-Doppelbauern). Donner,J-Smejkal,J/
Wijk aan Zee 1975/ 0-1 (71)}) 12... dxc3 13. Bxc3 Bxc3+ (13... O-O 14. Qxd8
Rxd8 15. Ne2 Nc6 16. f4 e5 17. Kf2 Be6 18. Rhd1 a6 19. fxe5 Nxe5 20. Nf4 Bb3
21. Rxd8+ Rxd8 22. h3 $11 {Gomez,F-Herrera,I/ CUB-ch Santa Clara 1999/ 1/2-1/2
(51)}) 14. bxc3 Qc7 {Das ist wahrscheinlich besser als die Damen zu tauschen,
denn Schwarz attackiert gleich den Bauern c3.} 15. Ne2 O-O 16. O-O e5 $146 {
[%mdl 8] Ein neuer Zug.} (16... Rd8 17. Qc1 Nc6 18. Nf4 {1/2-1/2 Grabarczyk,
M-Ruck,R/ Griesheim 2002 (18)}) 17. Qd3 Be6 18. Qe3 Bc4 19. Rfe1 b6 20. f4 f6
21. f5 g5 22. g4 Nc6 23. Ng3 Rad8 24. Bf1 Qf7 $11 25. Rad1 Bxf1 26. Rxf1 Qc4
27. h4 h6 28. hxg5 hxg5 29. Nh5 Kf7 30. Rxd8 Rxd8 31. Nxf6 Kxf6 32. Qh3 Rd3 33.
Qh6+ Kf7 34. Qh5+ Ke7 35. Qxg5+ Kd6 36. Qg6+ Kc7 37. f6 Qxc3 38. Qh7+ Rd7 39.
f7 Nd4 40. Qh6 Ne2+ 41. Kg2 Qc2 42. f8=Q Nf4+ 43. Kg3 Qg2+ 44. Kh4 Qxf1 $15 {
Eine sehr seltene Stellung - Weiss hat zwei Damen, aber beide sind sehr passiv,
darum steht Schwarz besser, denn der weisse König bleibt unter Feuer!} 45. Qff6
{Hier ist es schwer, ohne Computerunterstützung etwas Besseres zu finden, denn
die Fehlerchancen waren ziemlich groß, z.B.:} (45. g5 $4 Qh3#) ({Oder} 45. Qhf6
$2 Rh7+ 46. Kg5 Ne6+ $19 {[%csl Rf8]}) (45. b5 $2 Ng6+ $19 {[%csl Rf8]}) (45.
Qf5 {Comp Fritz8} Ng2+ 46. Kg5 Qc1+ 47. Kh5 Nf4+ 48. Kh4 $8 (48. Kg5 $2 Ne2+
49. Kh5 (49. Kg6 Rd6+ $19) 49... Ng3+ $19) 48... Qe1+ 49. Kg5 Nd3 $13) 45...
Qh1+ $17 46. Kg5 Nh3+ 47. Kf5 $2 {Das verliert forciert.} ({Der einzige Zug war
} 47. Kh5 $1 {und noch immer ist Weiss im Spiel, z.B.:} Nf2+ (47... Ng1+ {
Comp Fritz8} 48. Kg5 Qxe4 49. b5 Nf3+ 50. Kh5 Nd4 (50... Rh7 51. Qd6+ Kc8 52.
Qde6+ Kc7 53. Qd6+ $11 {mit Dauerschach.}) 51. Qhf8 Qh1+ 52. Kg6 Qb1+ 53. Kg5
Qxb5 54. Qa8 e4+ 55. Kh6 Nc6 56. Qff8 Rd6+ 57. Kh7 Qa6 58. Qae8 b5 59. Qxe4 Qa3
60. Qef4 $13) 48. Qh4 {Nach} Qxe4 (48... Qf3 {Comp Fritz8} 49. Q4g5 Qxe4 50. b5
Rh7 51. Qgg7+ Rxg7 52. Qxg7+ Kd6 53. Qf8+ Kd5 54. Qxf2 Qh7+ 55. Kg5 Qe7+ 56.
Kg6 ({Ein grober Fehler wäre} 56. Kf5 $4 {wegen} Qf7+ 57. Kg5 Qxf2 58. Kh5 Ke6
59. g5 Qf5 60. Kh4 Qf3 61. g6 Kf5 {nebst Matt.}) 56... Qe8+ 57. Kg5 Qxb5 58.
Qf7+ Ke4 59. Qxa7 $11) 49. Qxf2 Rh7 50. g5 $13 {entsteht ein unklares Endspiel,
in dem Weiss nicht schlechter steht.}) 47... Qf1+ $19 {Weiß gibt auf. Eine
sehr schöne Kollaboration zwischen den drei schwarzen Figuren!} (47... Qf1+ {
Nach} 48. Kg6 {gewinnt} (48. Kxe5 {Comp Fritz8} Qb5+ 49. Ke6 Rd6+ 50. Kf7 Qd7+
(50... Rxf6+ 51. Qxf6 Qd7+ 52. Kf8 Qd6+ 53. Kf7 Qxf6+ $19) 51. Kf8 Rxf6+ 52.
Qxf6 Qd6+ $19 {nebst Damentausch und ...a5.}) (48. Ke6 {Comp Fritz8} Rd6+ 49.
Ke7 Qxf6+ 50. Qxf6 Rxf6 51. Kxf6 a5 $19 (51... Kd6 $143 {ist etwas
umständlicher:} 52. b5 Nf2 53. Kf5 Nxg4 54. Kxg4 Kc5 55. Kg5 Kxb5 56. Kf6 a5
57. Kxe5 a4 58. Kd4 Kb4 59. e5 a3 60. e6 a2 61. e7 a1=Q+ $19)) 48... Qxf6+ 49.
Kxf6 Rd6+ 50. Kg7 Rxh6 $19) 0-1

[Event "Julian Borowski-A 4th"]
[Site "Essen"]
[Date "2002.05.23"]
[Round "7"]
[White "Krasenkow, Michal"]
[Black "Kortschnoj, Viktor Lvovich"]
[Result "1-0"]
[WhiteElo "2641"]
[BlackElo "2635"]
[PlyCount "105"]
[EventDate "2002.05.16"]
[EventType "tourn"]
[EventRounds "9"]
[EventCountry "GER"]
[EventCategory "16"]
[SourceTitle "CBM 090"]
[Source "ChessBase"]
[SourceDate "2002.09.20"]
[SourceVersion "1"]
[SourceVersionDate "2002.09.20"]
[SourceQuality "1"]

1. d4 Nf6 2. c4 e6 3. Nf3 d5 4. Nc3 Bb4 5. Qa4+ Nc6 6. e3 O-O 7. Bd2 dxc4 8.
Bxc4 a6 9. Qc2 Bd6 10. Ne4 Nb4 11. Qb1 Nxe4 12. Qxe4 Bd7 13. O-O Bc6 14. Qg4
Nd5 15. Ne5 Bxe5 16. dxe5 Nb6 17. Bb4 h5 18. Qxh5 Nxc4 19. Rfd1 Qe8 20. Rd4 b5
21. b3 f6 22. Qxe8 Rfxe8 23. bxc4 fxe5 24. Rg4 e4 25. Rc1 Red8 26. h4 Rd7 27.
cxb5 Bd5 28. bxa6 Rxa6 29. a3 Ra8 30. Kh2 Bb7 31. Kg3 Bd5 32. f3 exf3 33. gxf3
Bb3 34. Kf2 Ra6 35. e4 Ba4 36. Rg6 Kh7 37. h5 Rf7 38. Ke3 Be8 39. Rg5 Rb6 40.
Rcg1 Rc6 41. Bc5 Ra6 42. Rb1 Ra8 43. Re5 Rf6 44. Rb7 Rh6 45. Rxc7 Bxh5 46. Rg5
Bg6 47. Bd4 Rg8 48. Rg3 Rh5 49. a4 e5 50. Bc3 Re8 51. a5 Re6 52. Rb7 Rc6 53.
Bb2 1-0

[Event "Corus"]
[Site "Wijk aan Zee"]
[Date "2003.01.18"]
[Round "6"]
[White "Krasenkow, Michal"]
[Black "Shirov, Alexei"]
[Result "1-0"]
[WhiteElo "2633"]
[BlackElo "2723"]
[Annotator "Huzman,A"]
[PlyCount "79"]
[EventDate "2003.01.11"]
[EventType "tourn"]
[EventRounds "13"]
[EventCountry "NED"]
[EventCategory "18"]
[SourceTitle "CBM 093"]
[Source "ChessBase"]
[SourceDate "2003.04.01"]
[SourceVersion "1"]
[SourceVersionDate "2003.04.01"]
[SourceQuality "1"]

1. d4 d5 2. c4 dxc4 3. Nf3 Nf6 4. e3 e6 5. Bxc4 c5 6. Qe2 a6 7. dxc5 Bxc5 8.
O-O b5 9. Bd3 Nc6 10. Rd1 Qc7 11. a4 bxa4 (11... b4 12. Nbd2 Bb7 (12... Na5 13.
b3 Nd5 14. Bb2 Nc3 15. Bxc3 bxc3 16. Ne4 Nxb3 17. Rab1 Na5 18. Rdc1 Be7 19.
Rxc3 Qd8 20. Rd1 Qb6 21. Nfg5 $40 {1-0 Euwe,M-Flohr,S/Amsterdam 1932/HCL (28)})
(12... O-O 13. Nb3 (13. b3 Ne5 (13... Nd5 14. Bb2 Be7 15. Rac1 Bb7 16. Ne4 Qb6
17. Nfg5 h6 18. Qh5 Nc3 19. Nh7 Nxd1 20. Nhf6+ Bxf6 21. Nxf6+ Kh8 22. Rxd1 Qa5
23. Nd5 e5 24. Qf5 g6 25. Qf6+ Kh7 26. Nf4 Qc7 27. Nh5 {0-1 Socko,M-Danielian,
E/Zagan 1997/CBM 59 ext (56)} (27. Nxg6 $1 $18)) 14. Ne4 (14. Nxe5 Qxe5 15. Nc4
Qg5 16. e4 Qh4 17. g3 Qh3 18. Ne3 e5 19. f3 Be6 $17 {0-1 Rehberg,C-Pavey,M/
Baltimore 1948/EXT 2000 (39)}) 14... Nxd3 15. Nxf6+ gxf6 16. Qxd3 e5 17. Bb2
Be6 18. Bxe5 $1 $16 {1-0 Flohr,S-Horowitz,I/URS 1945/HCL (33)}) 13... Be7 14.
e4 Nd7 (14... Ne5 15. Nxe5 Qxe5 16. Be3 Bb7 17. Bd4 Qg5 18. f3 Rfc8 19. Qe3 Qh5
20. Rac1 Bc6 $132 {0-1 Ornstein,A-Degerman,L/SWE 1991/TD (30)}) 15. Be3 Nde5
16. Nxe5 Nxe5 17. Rac1 Qb8 18. Bc5 Bxc5 19. Nxc5 Qb6 20. Qh5 Nd7 21. Be2 $16 {
1-0 Alekhine,A-Flohr,S/Bled 1931/HCL/[Kasparov] (29)}) 13. Nb3 Na5 $6 (13...
Bd6 $142 14. e4 O-O 15. Bg5 Ng4 16. h3 Nge5 17. Nxe5 Nxe5 18. Rac1 $14) 14.
Nxc5 Qxc5 15. e4 $1 Nb3 16. Rb1 O-O (16... Nxc1 17. Rbxc1 Qe7 18. Nd4 $16) 17.
Be3 Qh5 $6 (17... Qc7 $142 $16) 18. Qc2 Na5 19. Rbc1 Rad8 $2 (19... Rfc8 20.
Qd2 Rxc1 21. Rxc1 $16 {[%cal Gc1c5]}) (19... Rac8 20. Qe2 Nxe4 21. Rxc8 Rxc8
22. Bxa6 $16) 20. Bb6 Rd6 (20... Rc8 21. Qe2 $16) 21. Qc5 $1 $18 {1-0 Ivanchuk,
V-Ponomariov,R/Wijk aan Zee NED 2003/(29)}) 12. Rxa4 (12. Nc3 Nb4 (12... O-O
13. Nxa4 (13. Ne4 Be7 14. Rxa4 Nd5 15. Bd2 Ncb4 16. Nc3 Nxc3 17. Bxc3 Nxd3 18.
Rxd3 Bd7 19. Rg4 f6 $11 {1-0 Lputian,S-Rublevsky,S/Helsinki 1992/CBM 32 (75)})
13... Bd6 14. Bd2 Nb4 15. Rdc1 Qb8 16. Bxb4 Bxb4 17. Nd4 Bd6 18. h3 a5 19. Bb5
Bb7 20. Nc6 Bxc6 21. Rxc6 Bb4 $11 {0-1 Lundin,A-Johansson,J/SWE 1991/TD (29)})
(12... Bb7 13. Ne4 (13. Nxa4 Bd6 14. Bd2 O-O 15. Rdc1 Rfd8 16. Rc2 Qb8 17. Nb6
Ra7 18. Nc4 Nb4 19. Bxb4 Bxb4 $15 {1/2-1/2 Lesiege,A-Tkachiev,V/New Delhi/
Theran 2000/CBM 81/[Huzman] (49)}) 13... Nb4 14. Nxf6+ gxf6 15. Bb1 Rg8 16. e4
Rd8 17. Rxd8+ Qxd8 18. Bd2 Qb6 $132 {0-1 Fominyh,A-Ibragimov,I/Budapest 1996/
CBM 56/[Ftacnik] (43)}) 13. Ne4 (13. Bb1 Bb7 14. Nxa4 Bd6 15. e4 O-O 16. Qe1 e5
17. Bg5 Rfd8 18. Rc1 Bc6 19. h3 a5 20. Bxf6 gxf6 21. Qe3 Bf8 22. Nb6 Ra6 23.
Nd5 Nxd5 24. exd5 Rxd5 25. Ra4 $44 {1/2-1/2 Lesiege,A-Lazarev,V/Montreal 2000/
CBM 79 (50)}) 13... Be7 14. Nxf6+ Bxf6 15. Be4 Bb7 16. Bxb7 Qxb7 17. Rxa4 O-O
18. Bd2 Nc6 19. b4 Qb5 20. Qxb5 axb5 $15 {1/2-1/2 Pirc,V-Flohr,S/Sliac 1932/
HCL (29)}) 12... Nb4 (12... a5 13. Nc3 (13. Bd2 $5 O-O 14. Rc1 $16 {[%cal
Gc1c7]}) 13... O-O 14. Rh4 g6 15. e4 Nb4 16. e5 Nxd3 17. Qxd3 Ba6 18. Qc2 Ne8
19. Bh6 Be7 20. Bxf8 Bxh4 21. Qe4 Bxf2+ 22. Kxf2 Bb7 23. Bd6 Bxe4 {1/2-1/2
Najdorf,M-Boros,S/Budapest 1936/EXT 99 (23)}) 13. Bb5+ (13. Bc4 O-O 14. Bd2 a5
15. Nc3 Bb7 16. Nb5 Qb6 17. Bc3 Nfd5 18. Be5 Rfc8 $14 {1/2-1/2 Turov,M-Krush,I/
Montreal 2001/CBM 85 (75)}) 13... Nd7 (13... Bd7 14. Bxd7+ Nxd7 15. Bd2 a5 16.
Rc1 Qb7 17. Bc3 (17. Na3 $5 O-O 18. Nc4 {[%csl Ra5]}) 17... O-O 18. Nbd2 Nd5
19. Rca1 Nb4 20. Bxb4 axb4 21. Rxa8 {1/2-1/2 Botvinnik,M-Flohr,S/Leningrad
1933/HCL (21)}) 14. Bd2 $1 $146 {[%mdl 12] This move is a strong improvement.
Whiteare preparing a strong pressure on the "c"line.} (14. Ng5 O-O 15. Bd2 Rb8
16. Bxd7 Bxd7 17. Rxb4 Bxb4 18. Qd3 g6 19. Bxb4 Rxb4 20. Qxd7 Qxd7 21. Rxd7 Rc8
22. Nd2 Rc1+ 23. Nf1 Rxb2 24. Ne4 $15 {1/2-1/2 Kotov,A-Koblencs,A/Moscow 1945/
URS-ch (38)}) 14... Rb8 (14... Nc6 15. Bxa6 Nb6 16. Ra1 $16) 15. Bxb4 Rxb5 (
15... axb5 16. Bxc5 bxa4 17. Bd6 Qb6 18. Bxb8 Qxb8 19. Nc3 $16 {[%csl Ra4]})
16. Qc2 $1 Nb6 $2 (16... Qb8 17. Nd4 $1 Rxb4 18. Nc6 Rxb2 19. Qxc5 $18) (16...
Qb7 $5 17. Bc3 f6 18. Rh4 Nf8 19. Nbd2 e5 20. Ne4 $36) (16... Bd6 17. Qxc7 Bxc7
18. Rc1 Kd8 19. Nd4 $16) 17. Ra5 $1 Bd6 (17... Rxa5 18. Bxa5 {/\19.Rc1+-} Bd6
19. Qb3 Bc5 20. Rc1 $18) (17... Rxb4 18. Rxc5 Qb8 19. Qc3 $18) 18. Qxc7 Bxc7
19. Rxb5 axb5 20. Nc3 $16 {[%csl Rb5,Re8] The weakness on b5 and the uncastled
king of Black determine the decisive advantage of White.} Bd7 21. Nd4 Be5 $2 (
21... Nd5 22. Nxd5 exd5 23. Ra1 Bd8 24. Ra8 $16) 22. Ndxb5 f6 23. Nd6+ Bxd6 24.
Rxd6 Nc4 25. Ra6 $18 Kf7 26. Ra7 Rd8 27. f4 (27. Ne4 $5) 27... Ke8 28. Ne4 $1
Rb8 29. Bc3 Nxe3 30. Nc5 $1 Bc8 31. Rxg7 h5 32. Bxf6 Ra8 33. h3 Nf5 34. Rc7
Ra1+ 35. Kf2 Ba6 36. Nxa6 Rxa6 37. g4 Nd6 38. Be5 hxg4 39. hxg4 Nf7 40. Bc3 1-0

[Event "Politiken Cup 25th"]
[Site "Copenhagen"]
[Date "2003.07.25"]
[Round "11"]
[White "Krasenkow, Michal"]
[Black "Sakaev, Konstantin"]
[Result "1-0"]
[WhiteElo "2585"]
[BlackElo "2655"]
[PlyCount "85"]
[EventDate "2003.07.14"]
[EventType "swiss"]
[EventRounds "11"]
[EventCountry "DEN"]
[SourceTitle "CBM 095 Extra"]
[Source "ChessBase"]
[SourceDate "2003.09.04"]
[SourceVersion "1"]
[SourceVersionDate "2003.09.04"]
[SourceQuality "1"]

1. d4 Nf6 2. c4 e6 3. Nf3 b6 4. Nc3 Bb7 5. a3 d5 6. cxd5 Nxd5 7. Qc2 Nxc3 8.
bxc3 Be7 9. e4 O-O 10. Bd3 c5 11. O-O Qc8 12. Qe2 Ba6 13. Rd1 Bxd3 14. Rxd3 Nd7
15. e5 Qc6 16. Bg5 Rae8 17. Rad1 f6 18. exf6 Bxf6 19. Bxf6 Nxf6 20. Ne5 Qc7 21.
c4 cxd4 22. Rxd4 Rd8 23. Qe3 Rxd4 24. Qxd4 Rc8 25. g4 h6 26. h4 Qc5 27. g5 hxg5
28. hxg5 Qxd4 29. Rxd4 Nh5 30. Kg2 Kh7 31. f4 Rf8 32. Kf3 Rf5 33. Nd3 g6 34.
Rd7+ Kg8 35. Kg4 Ra5 36. Ne5 Rxa3 37. Nxg6 Ng7 38. Rd8+ Kf7 39. Ne5+ Ke7 40.
Nc6+ Kf7 41. Rd7+ Kf8 42. g6 Ne8 43. Rf7+ 1-0